[Event "Memoria? Zamenhofa"]
[Site "Bialystok"]
[Date "2024.12.29"]
[Round "5.4"]
[White "Rudolf, Michal"]
[Black "Jakubowski, Krzysztof"]
[Result "1/2-1/2"]
[WhiteElo "2284"]
[BlackElo "2442"]
[PlyCount "24"]
[EventDate "2024.??.??"]

1. e4 c5 2. c3 Nf6 3. e5 Nd5 4. d4 cxd4 5. cxd4 d6 6. Nf3 Nc6 7. Bc4 e6 8. O-O
Be7 9. Qe2 O-O 10. Rd1 Bd7 11. Bd2 Rc8 12. Nc3 Nxc3 1/2-1/2

[Event "Memoria? Zamenhofa"]
[Site "Bialystok"]
[Date "2024.12.29"]
[Round "5.5"]
[White "Sowinski, Pawel"]
[Black "Krol, Jan"]
[Result "1-0"]
[WhiteElo "2435"]
[BlackElo "2067"]
[PlyCount "107"]
[EventDate "2024.??.??"]

1. e4 e5 2. Nf3 Nc6 3. Bb5 a6 4. Ba4 Nf6 5. d3 b5 6. Bb3 Be7 7. O-O O-O 8. a4
Rb8 9. axb5 axb5 10. Nc3 d6 11. Nd5 Nxd5 12. exd5 Nd4 13. Nxd4 exd4 14. Ra7 Bd7
15. Qe1 Bf6 16. Qa5 Rb6 17. Bd2 h6 18. Ra1 Kh7 19. Ra8 Qxa8 20. Qxa8 Rxa8 21.
Rxa8 Rb7 22. Kf1 Be7 23. Ke1 f5 24. f4 Kg6 25. g3 Kf7 26. Kd1 Bf6 27. Kc1 Ke7
28. Kb1 Be8 29. Ka2 b4 30. Bc4 c5 31. dxc6 Bxc6 32. Ra5 g6 33. Kb3 Kd7 34. Bd5
Bxd5+ 35. Rxd5 Ke6 36. Ra5 g5 37. Ra6 Be7 38. Bxb4 gxf4 39. gxf4 Rb8 40. c4
dxc3 41. bxc3 Rg8 42. c4 Kd7 43. Ra7+ Ke6 44. d4 Rg6 45. d5+ Kf6 46. Rd7 Kf7
47. c5 Ke8 48. c6 Rg1 49. Bxd6 Bf6 50. Be5 Bxe5 51. fxe5 f4 52. e6 f3 53. c7 f2
54. c8=R# 1-0

[Event "Memoria? Zamenhofa"]
[Site "Bialystok"]
[Date "2024.12.29"]
[Round "5.6"]
[White "Karolczuk, Iwo"]
[Black "Kulig, Pawel"]
[Result "1-0"]
[WhiteElo "2349"]
[BlackElo "2033"]
[PlyCount "79"]
[EventDate "2024.??.??"]

1. e4 c6 2. d4 d5 3. e5 Bf5 4. Nf3 e6 5. Be2 c5 6. c3 Nc6 7. O-O Bg4 8. Nbd2
cxd4 9. cxd4 Nge7 10. h3 Bxf3 11. Nxf3 Nf5 12. Qd3 h5 13. Bd2 Qb6 14. Bc3 Be7
15. a4 a5 16. Qb5 Bd8 17. g4 hxg4 18. hxg4 Nh4 19. Nxh4 Rxh4 20. Kg2 Bc7 21.
Rh1 Rxh1 22. Rxh1 O-O-O 23. Qd3 f6 24. exf6 gxf6 25. Rh6 Rf8 26. g5 fxg5 27.
Rxe6 Qb3 28. Bd1 Qa2 29. Qe3 Kb8 30. Re8+ Rxe8 31. Qxe8+ Ka7 32. Qd7 Kb8 33.
Bf3 Qxa4 34. Qxd5 Bf4 35. Qc5 Nd8 36. Bxa5 Qe8 37. Bb6 Ne6 38. Qa5 Qd7 39. Bg4
Bd6 40. Kg1 1-0

[Event "Memoria? Zamenhofa"]
[Site "Bialystok"]
[Date "2024.12.29"]
[Round "5.8"]
[White "Kosakowski, Jakub"]
[Black "Woznicki, Tomasz"]
[Result "1-0"]
[WhiteElo "2539"]
[BlackElo "1987"]
[PlyCount "79"]
[EventDate "2024.??.??"]

1. e4 e5 2. Bc4 Nf6 3. d3 Bc5 4. Nf3 d6 5. c3 O-O 6. O-O Bb6 7. h3 Re8 8. Re1
Nbd7 9. Bb3 Nf8 10. Nbd2 Be6 11. Bc2 c6 12. d4 Ng6 13. Nf1 Bc7 14. Ng3 h6 15.
Be3 Qd7 16. Qd2 d5 17. Nxe5 Nxe5 18. dxe5 Nxe4 19. Bxe4 dxe4 20. Qxd7 Bxd7 21.
Nxe4 Bxe5 22. Nc5 Bf5 23. Nxb7 Rab8 24. Na5 Bf6 25. Re2 c5 26. Rd2 Rb5 27. Nc4
Be7 28. b3 Be6 29. Nd6 Bxd6 30. Rxd6 c4 31. b4 a5 32. a4 Rb7 33. bxa5 Ra8 34.
a6 Rd7 35. Rad1 Rxd6 36. Rxd6 Kf8 37. a7 Ke7 38. Bc5 Bf5 39. f3 Rxa7 40. Rd1+
1-0

[Event "Memoria? Zamenhofa"]
[Site "Bialystok"]
[Date "2024.12.29"]
[Round "5.9"]
[White "Cukrowski, Filip"]
[Black "Levi, Netanel"]
[Result "1-0"]
[WhiteElo "2403"]
[BlackElo "2193"]
[PlyCount "121"]
[EventDate "2024.??.??"]

1. d4 Nf6 2. c4 g6 3. Nf3 Bg7 4. Nc3 O-O 5. e4 d6 6. Be2 Nbd7 7. O-O e5 8. Be3
Qe7 9. Qc2 c6 10. Rad1 h6 11. d5 c5 12. g3 Nh7 13. Qc1 f5 14. Bxh6 f4 15. Bxg7
Kxg7 16. Kg2 Ndf6 17. h3 g5 18. g4 Rh8 19. Rh1 Bd7 20. Rdg1 Rag8 21. Kf1 Kf7
22. Ke1 Nf8 23. Qb1 Ne8 24. a3 Ng6 25. b4 b6 26. Qd3 Nh4 27. Nd2 Rh6 28. Kd1
Nc7 29. Kc2 Rd8 30. Rb1 Kg7 31. Rh2 Rf8 32. f3 Ng6 33. bxc5 bxc5 34. Rb7 Ra8
35. Rxc7 Ba4+ 36. Nxa4 Qxc7 37. Nb3 Ne7 38. Qc3 Rhh8 39. Kc1 a5 40. Bd1 Rhb8
41. h4 gxh4 42. Rxh4 Ng6 43. Rh2 Rh8 44. Rxh8 Rxh8 45. Qxa5 Qe7 46. Nb6 Rh2 47.
Nc8 Qh4 48. Nxd6 Kg8 49. Nf5 Qf6 50. Nxc5 Qf8 51. Qb6 Kh7 52. Qa7+ Kh8 53. Ne6
Qg8 54. Qg7+ Qxg7 55. Nexg7 Ra2 56. a4 Kg8 57. c5 Ra1+ 58. Kd2 Ra2+ 59. Bc2 Ne7
60. Nxe7+ Kxg7 61. c6 1-0

[Event "Memoria? Zamenhofa"]
[Site "Bialystok"]
[Date "2024.12.29"]
[Round "5.10"]
[White "Mulawa, Cyprian"]
[Black "Karut, Kacper"]
[Result "1/2-1/2"]
[WhiteElo "2353"]
[BlackElo "2115"]
[PlyCount "71"]
[EventDate "2024.??.??"]

1. e4 c5 2. Nf3 Nc6 3. Bb5 e6 4. Bxc6 bxc6 5. d3 Ne7 6. Qe2 d6 7. e5 Nf5 8. Bf4
f6 9. exd6 Bxd6 10. Bxd6 Qxd6 11. O-O Nd4 12. Nxd4 Qxd4 13. Nc3 O-O 14. Qe3 Rb8
15. Rab1 e5 16. Rfe1 Be6 17. Qf3 Bd5 18. Nxd5 Qxd5 19. b3 Qxf3 20. gxf3 Rfd8
21. Re4 Rd4 22. Rbe1 Rbd8 23. f4 Rxe4 24. Rxe4 exf4 25. Re7 f3 26. Rxa7 Re8 27.
h3 Re2 28. Rc7 Rxc2 29. Rxc6 Rxa2 30. Rxc5 Rd2 31. Rc3 Kf7 32. d4 Rxd4 33. Rxf3
Rd1+ 34. Kg2 Rb1 35. Rc3 Kg6 36. Kf3 1/2-1/2

[Event "Memoria? Zamenhofa"]
[Site "Bialystok"]
[Date "2024.12.29"]
[Round "5.11"]
[White "Flak, Pawel"]
[Black "Czernek, Tymon"]
[Result "1/2-1/2"]
[WhiteElo "2131"]
[BlackElo "2353"]
[PlyCount "116"]
[EventDate "2024.??.??"]

1. d4 Nf6 2. c4 e6 3. Nf3 d5 4. g3 Bb4+ 5. Bd2 Be7 6. Bg2 O-O 7. O-O c6 8. Qc2
Ne4 9. Bf4 Nd7 10. Ne5 g5 11. Nxd7 Bxd7 12. Bc1 f5 13. Nd2 Bf6 14. e3 Be8 15.
cxd5 cxd5 16. f4 gxf4 17. Nxe4 fxe4 18. Rxf4 Bb5 19. Bd2 Rc8 20. Qd1 Kh8 21.
Rc1 Qe7 22. a3 Qg7 23. Bb4 Rxc1 24. Qxc1 Rd8 25. Bf1 Bc6 26. Bh3 Bg5 27. Qf1
Qh6 28. Rf7 Bxe3+ 29. Kh1 Bxd4 30. Bf8 Qg6 31. Be7 Rg8 32. Rf6 Qg7 33. Rf7 Qg6
34. Rf6 Bxf6 35. Bxf6+ Rg7 36. Qf4 e3 37. Qb8+ Be8 38. Qe5 d4 39. Kg1 h6 40.
Bxe6 e2 41. Bxg7+ Qxg7 42. Qxe2 Bg6 43. Bc4 d3 44. Qe3 a6 45. Bxd3 Bxd3 46.
Qxd3 Qxb2 47. h4 Qf6 48. Kg2 b5 49. Qe3 Qc6+ 50. Kh2 Kg8 51. g4 a5 52. g5 Qd6+
53. Kg2 Qd5+ 54. Kf2 hxg5 55. hxg5 a4 56. Ke2 Qc4+ 57. Kd2 Qa2+ 58. Kc1 Qa1+
1/2-1/2

[Event "Memoria? Zamenhofa"]
[Site "Bialystok"]
[Date "2024.12.29"]
[Round "5.12"]
[White "Janeczko, Jakub"]
[Black "Trochimczuk, Szymon"]
[Result "1/2-1/2"]
[WhiteElo "2326"]
[BlackElo "1973"]
[PlyCount "72"]
[EventDate "2024.??.??"]

1. e4 c6 2. d4 d5 3. e5 Bf5 4. Nf3 e6 5. Be2 c5 6. Be3 cxd4 7. Nxd4 Ne7 8. Nd2
Nbc6 9. N2f3 Bg4 10. O-O a6 11. c3 Nxd4 12. cxd4 Nc6 13. h3 Bh5 14. Ne1 Bxe2
15. Qxe2 h5 16. f4 g6 17. g3 Be7 18. Nf3 Qb6 19. Kg2 Rc8 20. Rac1 Kd7 21. g4
hxg4 22. hxg4 Nb4 23. a3 Rxc1 24. Rxc1 Nc6 25. b4 Na7 26. f5 gxf5 27. gxf5 exf5
28. Qa2 Qg6+ 29. Kf2 Ke6 30. Rg1 Qh5 31. Bg5 Rg8 32. Qd2 Nc6 33. Qf4 Rg6 34.
Rg3 Rg8 35. Rg1 Rg6 36. Rg3 Rg8 1/2-1/2

[Event "Memoria? Zamenhofa"]
[Site "Bialystok"]
[Date "2024.12.29"]
[Round "5.13"]
[White "Szewczyk, Mariusz"]
[Black "Rekuc, Patryk"]
[Result "1/2-1/2"]
[WhiteElo "2171"]
[BlackElo "2264"]
[PlyCount "77"]
[EventDate "2024.??.??"]

1. e4 c5 2. Nf3 d6 3. d4 cxd4 4. Nxd4 Nf6 5. f3 e5 6. Bb5+ Nbd7 7. Nf5 d5 8.
exd5 a6 9. Ba4 b5 10. Bb3 a5 11. c4 Nb6 12. Ne3 a4 13. Bc2 bxc4 14. Nc3 Bb4 15.
O-O O-O 16. Nxa4 Bd7 17. Nxb6 Qxb6 18. Kh1 Bb5 19. Qe2 c3 20. Bd3 Bxd3 21. Qxd3
Qd4 22. Qxd4 exd4 23. Nc2 Bc5 24. Rd1 Rfd8 25. Nxd4 cxb2 26. Bxb2 Rxd5 27. Nb3
Rxd1+ 28. Rxd1 Be7 29. Bxf6 Bxf6 30. Rd2 h5 31. Kg1 Rc8 32. Kf2 Be5 33. g3 h4
34. f4 hxg3+ 35. hxg3 Bb8 36. Nd4 Ba7 37. Ke3 Rc4 38. Ke4 Ra4 39. g4 1/2-1/2

[Event "Memoria? Zamenhofa"]
[Site "Bialystok"]
[Date "2024.12.29"]
[Round "5.14"]
[White "Korszanski, Stanislaw"]
[Black "Rudzinska, Michalina"]
[Result "0-1"]
[WhiteElo "1955"]
[BlackElo "2210"]
[PlyCount "100"]
[EventDate "2024.??.??"]

1. e4 c5 2. Nf3 e6 3. d4 cxd4 4. Nxd4 Nc6 5. Nc3 a6 6. Nxc6 bxc6 7. Bd3 d5 8.
O-O Nf6 9. Re1 Be7 10. e5 Nd7 11. Qg4 Kf8 12. Na4 h5 13. Qf4 c5 14. b3 Kg8 15.
c4 d4 16. Qe4 Rb8 17. f4 g6 18. Bd2 Bb7 19. Qe2 Bc6 20. Nb2 a5 21. Bc2 Ra8 22.
a4 Nb8 23. Nd3 Na6 24. Nf2 Nc7 25. Rad1 Ne8 26. Bc1 Bh4 27. Nd3 Qb6 28. Ba3 Be7
29. Nf2 Ng7 30. Ne4 Nf5 31. Nf6+ Bxf6 32. Bxf5 exf5 33. exf6 Be4 34. Qf2 Rc8
35. Bxc5 Qxc5 36. Qxd4 Qxd4+ 37. Rxd4 Rc6 38. Rd7 Rxf6 39. Ra7 Rb6 40. Re3 Kg7
41. Rxa5 Rd8 42. c5 Rb4 43. Rb5 Rd1+ 44. Kf2 Rbd4 45. a5 Bd3 46. Rb7 Rf1+ 47.
Kg3 g5 48. Ree7 h4+ 49. Kh3 Rf3+ 50. gxf3 Bf1# 0-1

[Event "Memoria? Zamenhofa"]
[Site "Bialystok"]
[Date "2024.12.29"]
[Round "5.15"]
[White "Radzimski, Antoni"]
[Black "Kirtadze, Anastasia"]
[Result "1/2-1/2"]
[WhiteElo "2290"]
[BlackElo "2047"]
[PlyCount "63"]
[EventDate "2024.??.??"]

1. d4 Nf6 2. c4 e6 3. Nc3 Bb4 4. e3 O-O 5. Bd3 c5 6. Nge2 Nc6 7. O-O b6 8. a3
Bxc3 9. bxc3 Ba6 10. e4 Ne8 11. Be3 d6 12. Ng3 g6 13. f4 f5 14. Qe2 Ng7 15.
Rad1 Qc7 16. Bf2 Rae8 17. d5 fxe4 18. Nxe4 exd5 19. cxd5 Bxd3 20. Qxd3 Rxf4 21.
dxc6 Rfxe4 22. Qxd6 Qxd6 23. Rxd6 Rc8 24. Rd7 Rxc6 25. Rxa7 Rd6 26. a4 Ne6 27.
a5 bxa5 28. Rxa5 Rd3 29. Bxc5 Rxc3 30. Ra8+ Kg7 31. Bf8+ Nxf8 32. Raxf8 1/2-1/2

[Event "Memoria? Zamenhofa"]
[Site "Bialystok"]
[Date "2024.12.29"]
[Round "5.16"]
[White "Gotsiridze, Davit"]
[Black "Kucza, Karol"]
[Result "1/2-1/2"]
[WhiteElo "1981"]
[BlackElo "2346"]
[PlyCount "99"]
[EventDate "2024.??.??"]

1. e4 e5 2. Nf3 Nc6 3. Bb5 a6 4. Ba4 Nf6 5. O-O Be7 6. d3 b5 7. Bb3 d6 8. a3
O-O 9. Nc3 Bg4 10. Be3 Qd7 11. Nd5 Bd8 12. h3 Be6 13. a4 Na5 14. Nxf6+ Bxf6 15.
Bxe6 Qxe6 16. Qd2 Nc6 17. Qc3 Qd7 18. axb5 axb5 19. b3 g6 20. Rxa8 Rxa8 21. Ra1
Qe8 22. Nd2 Bg7 23. Qb2 Nb4 24. Rxa8 Qxa8 25. Nb1 f5 26. f3 Qc6 27. Nc3 d5 28.
Nxd5 Nxd5 29. exd5 Qxd5 30. Qc3 c6 31. Qc5 h5 32. Qe7 Qf7 33. Qd8+ Kh7 34. Bc5
Qe6 35. Qd6 Qxd6 36. Bxd6 Kg8 37. Kf2 Kf7 38. c4 Ke6 39. Bc5 Bh6 40. g4 Bf4 41.
gxh5 gxh5 42. Be3 Bxe3+ 43. Kxe3 bxc4 44. bxc4 c5 45. h4 Kd6 46. Kd2 Kc6 47.
Kc3 Kd6 48. Kd2 Kc6 49. Kc3 Kd6 50. Kd2 1/2-1/2

[Event "Memoria? Zamenhofa"]
[Site "Bialystok"]
[Date "2024.12.29"]
[Round "5.17"]
[White "Morchiashvili, Bachana"]
[Black "Lechowski, Witold"]
[Result "1-0"]
[WhiteElo "2265"]
[BlackElo "2101"]
[PlyCount "119"]
[EventDate "2024.??.??"]

1. d4 Nf6 2. c4 g6 3. Nc3 d5 4. Bg5 Ne4 5. Bh4 Nxc3 6. bxc3 dxc4 7. e3 Be6 8.
Rb1 b6 9. Nh3 Bh6 10. Bg5 Bxg5 11. Nxg5 Bd5 12. e4 h6 13. exd5 hxg5 14. Bxc4
Qd6 15. g3 Nd7 16. O-O Nf6 17. Re1 Nxd5 18. Qf3 c6 19. Re5 Rd8 20. Rbe1 Rd7 21.
Rxg5 a5 22. h4 b5 23. Rxd5 cxd5 24. Bxb5 Rh5 25. Qg4 e6 26. Rb1 Kf8 27. Bxd7
Qxd7 28. Qf4 Kg7 29. Kg2 Rf5 30. Qe3 Qa4 31. g4 Rf6 32. Qe5 Qc2 33. Rf1 Qd3 34.
f3 Qd2+ 35. Rf2 Qf4 36. Qxf4 Rxf4 37. Kg3 e5 38. Re2 f6 39. a4 Kf7 40. Re1 Ke6
41. Rb1 g5 42. Rb6+ Kf7 43. hxg5 fxg5 44. dxe5 Rxa4 45. Rd6 Rc4 46. Rxd5 a4 47.
e6+ Kxe6 48. Rxg5 Rxc3 49. Ra5 Ra3 50. Kf4 Kf6 51. g5+ Kg6 52. Ra6+ Kg7 53. Kg4
Ra1 54. f4 a3 55. Ra7+ Kg8 56. Kf5 a2 57. Kf6 Rf1 58. Ra8+ Kh7 59. g6+ Kh6 60.
Rh8# 1-0

[Event "Memoria? Zamenhofa"]
[Site "Bialystok"]
[Date "2024.12.29"]
[Round "5.18"]
[White "Rzap, Filip"]
[Black "Szostko, Jakub"]
[Result "0-1"]
[WhiteElo "1912"]
[BlackElo "2220"]
[PlyCount "154"]
[EventDate "2024.??.??"]

1. d4 Nf6 2. c4 e6 3. Nf3 d5 4. g3 dxc4 5. Bg2 a6 6. O-O Nc6 7. e3 Bd7 8. Qe2
Bd6 9. Qxc4 O-O 10. Rd1 Rb8 11. Nbd2 Qe7 12. Qe2 b5 13. e4 e5 14. dxe5 Nxe5 15.
Nxe5 Qxe5 16. Nb3 Qe6 17. f4 Qc4 18. Qxc4 bxc4 19. e5 cxb3 20. exd6 cxd6 21.
Rxd6 bxa2 22. Rxa2 Bb5 23. Bf1 Rbc8 24. Bxb5 axb5 25. Be3 Ng4 26. Bd2 Rc2 27.
h3 Nf6 28. Rd4 h6 29. Bc3 Re8 30. Rd2 Rxd2 31. Bxd2 Re2 32. Bc3 Ne4 33. g4 Nxc3
34. Ra8+ Kh7 35. bxc3 Re3 36. Rb8 Rxh3 37. Kg2 Rxc3 38. Rxb5 g6 39. Ra5 Kg7 40.
Rb5 Kf6 41. Rb6+ Kg7 42. Rb5 Rd3 43. Ra5 Kf6 44. Ra6+ Ke7 45. Ra5 Ke6 46. Re5+
Kd7 47. Ra5 Kd6 48. Ra6+ Ke7 49. Ra5 Ke6 50. Re5+ Kf6 51. Ra5 Rd8 52. Kg3 Rh8
53. g5+ Kg7 54. gxh6+ Rxh6 55. Kg4 Rh1 56. Rb5 Rg1+ 57. Kf3 Ra1 58. Kg4 Ra4 59.
Kf3 Kh6 60. Kg3 Ra3+ 61. Kh4 Rf3 62. Kg4 Rf1 63. Rb7 f5+ 64. Kg3 Rg1+ 65. Kf3
Ra1 66. Kg3 Ra3+ 67. Kh4 Rf3 68. Rb4 Rf1 69. Ra4 Rg1 70. Kh3 Rg4 71. Rb4 Kh5
72. Rc4 g5 73. Rc5 Rxf4 74. Kg3 Rg4+ 75. Kf3 f4 76. Rc8 Rg3+ 77. Kf2 Kg4 0-1

[Event "Memoria? Zamenhofa"]
[Site "Bialystok"]
[Date "2024.12.29"]
[Round "5.19"]
[White "Kaganskiy, Gleb"]
[Black "Baginskaite, Kamile"]
[Result "1/2-1/2"]
[WhiteElo "2219"]
[BlackElo "2091"]
[PlyCount "53"]
[EventDate "2024.??.??"]

1. e4 e6 2. d4 d5 3. e5 c5 4. c3 Qb6 5. Nf3 Nc6 6. Bd3 cxd4 7. O-O Nge7 8. h4
Nf5 9. Bxf5 exf5 10. cxd4 h6 11. Nc3 Be6 12. h5 Be7 13. a3 a5 14. Qd3 a4 15.
Bd2 Qb3 16. Rfb1 Na5 17. Qb5+ Qxb5 18. Nxb5 Kd7 19. Bxa5 Rxa5 20. Nc3 Rc8 21.
Rc1 f4 22. Nh2 Bf5 23. Ne2 Rxc1+ 24. Rxc1 Rb5 25. Nc3 Ra5 26. Ne2 Rb5 27. Nc3
1/2-1/2

[Event "Memoria? Zamenhofa"]
[Site "Bialystok"]
[Date "2024.12.29"]
[Round "5.20"]
[White "Sliwicki, Damian"]
[Black "Kasperek, Ryszard"]
[Result "0-1"]
[WhiteElo "2172"]
[BlackElo "2059"]
[PlyCount "64"]
[EventDate "2024.??.??"]

1. e4 c5 2. Nf3 e6 3. d4 cxd4 4. Nxd4 a6 5. Nc3 b5 6. a3 Bb7 7. g4 Ne7 8. Bg5
h6 9. Be3 Nbc6 10. Nb3 d6 11. f4 Na5 12. Nxa5 Qxa5 13. b4 Qc7 14. Bxb5+ Nc6 15.
Ba4 Be7 16. Qd3 O-O 17. O-O-O Rfc8 18. Ne2 d5 19. exd5 exd5 20. Rhg1 Rab8 21.
g5 hxg5 22. Bb3 Bxb4 23. axb4 Nxb4 24. Qf5 Qa5 25. Rxg5 Rxc2+ 26. Kb1 Qa3 27.
Bxc2 Nxc2 28. Rxg7+ Kxg7 29. Qe5+ f6 30. Rg1+ Kf7 31. Qc7+ Ke6 32. f5+ Kxf5 0-1

[Event "Memoria? Zamenhofa"]
[Site "Bialystok"]
[Date "2024.12.29"]
[Round "5.21"]
[White "Polak, Michal"]
[Black "Terkiewicz, Bruno"]
[Result "1/2-1/2"]
[WhiteElo "2031"]
[BlackElo "2159"]
[PlyCount "73"]
[EventDate "2024.??.??"]

1. d4 Nf6 2. Nf3 d5 3. g3 Bf5 4. Bg2 e6 5. c4 c6 6. Nc3 h6 7. Qb3 Qb6 8. c5 Qc7
9. Bf4 Qc8 10. O-O Nbd7 11. h3 g5 12. Bd2 Bg7 13. Rfc1 O-O 14. Qd1 Ne4 15. Be3
Bh7 16. Nxe4 dxe4 17. Nh2 Nf6 18. Qc2 Qc7 19. Nf1 Rad8 20. Nd2 Kh8 21. Nc4 Nd5
22. Nd6 f5 23. Qb3 b6 24. Rd1 Bf6 25. Bc1 Bg6 26. Nc4 Bh5 27. cxb6 axb6 28. g4
Bg6 29. a4 h5 30. Bd2 hxg4 31. hxg4 f4 32. a5 b5 33. Ne5 Bxe5 34. dxe5 Rf7 35.
Qc2 f3 36. exf3 Nf4 37. fxe4 1/2-1/2

[Event "Memoria? Zamenhofa"]
[Site "Bialystok"]
[Date "2024.12.29"]
[Round "5.22"]
[White "Kotarski, Bartosz"]
[Black "Smetek, Michal"]
[Result "0-1"]
[WhiteElo "1968"]
[BlackElo "2157"]
[PlyCount "60"]
[EventDate "2024.??.??"]

1. e4 c6 2. d4 d5 3. e5 Bf5 4. h4 h5 5. Bd3 Bxd3 6. Qxd3 Qa5+ 7. Nd2 e6 8. Ngf3
Qa6 9. c4 Nh6 10. O-O Nf5 11. b3 Be7 12. g3 O-O 13. Rd1 Rd8 14. Bb2 c5 15. dxc5
Nc6 16. Qc3 Bxc5 17. cxd5 Rxd5 18. Ne4 Ncd4 19. Kg2 b6 20. b4 Qe2 21. bxc5 Qxe4
22. cxb6 Nxh4+ 23. gxh4 Qg4+ 24. Kf1 Qh3+ 25. Ke1 Nxf3+ 26. Ke2 Rxe5+ 27. Qxe5
Nxe5 28. Bxe5 axb6 29. Rg1 g6 30. Bf6 Ra3 0-1

[Event "Memoria? Zamenhofa"]
[Site "Bialystok"]
[Date "2024.12.29"]
[Round "5.23"]
[White "Praczukowski, Stanislaw"]
[Black "Obrycki, Tomasz"]
[Result "1/2-1/2"]
[WhiteElo "2130"]
[BlackElo "1984"]
[PlyCount "62"]
[EventDate "2024.??.??"]

1. e4 c5 2. Nf3 d6 3. Bb5+ Nd7 4. c3 Ngf6 5. Qe2 a6 6. Ba4 e6 7. O-O Be7 8. d4
b5 9. Bc2 Bb7 10. Nbd2 e5 11. d5 O-O 12. Re1 Ne8 13. Nf1 g6 14. Ng3 Ng7 15. Bh6
Nf6 16. h3 Re8 17. Nh2 Bc8 18. a4 Bd7 19. b4 cxb4 20. cxb4 Qb6 21. Be3 Qb7 22.
a5 Rac8 23. Bd3 Nfh5 24. Nxh5 Nxh5 25. Qd2 Bd8 26. Rac1 Be7 27. Ng4 Nf6 28. Nh2
Nh5 29. Ng4 Nf6 30. Nh2 Nh5 31. Ng4 Nf6 1/2-1/2

[Event "Memoria? Zamenhofa"]
[Site "Bialystok"]
[Date "2024.12.29"]
[Round "5.24"]
[White "Dalkowski, Rafal"]
[Black "Suska, Szymon"]
[Result "0-1"]
[WhiteElo "2102"]
[BlackElo "2050"]
[PlyCount "90"]
[EventDate "2024.??.??"]

1. c4 c5 2. Nf3 Nc6 3. d4 cxd4 4. Nxd4 g6 5. Nc3 Bg7 6. Nc2 Nf6 7. e4 d6 8. Be2
O-O 9. O-O Be6 10. Rb1 Nd7 11. Nd5 Nc5 12. f3 a5 13. Be3 f5 14. exf5 Bxf5 15.
g4 Bxc2 16. Qxc2 e6 17. Nc3 Qh4 18. Qd2 h5 19. Qe1 Qxe1 20. Rbxe1 hxg4 21. fxg4
Bd4 22. Bf3 Ne5 23. Bg2 Rxf1+ 24. Kxf1 Bxe3 25. Rxe3 Nxc4 26. Re2 Rf8+ 27. Kg1
Kf7 28. g5 Ne5 29. a3 b6 30. b4 axb4 31. axb4 Ncd3 32. Ra2 d5 33. Ra7+ Kg8 34.
Nxd5 exd5 35. Bxd5+ Kh8 36. b5 Nf4 37. Re7 Nxd5 38. Rxe5 Rf5 39. Rxf5 gxf5 40.
h4 Kg7 41. h5 Nf4 42. h6+ Kg6 43. Kh2 Kxg5 44. h7 Ng6 45. Kg3 Kh6 0-1

[Event "Memoria? Zamenhofa"]
[Site "Bialystok"]
[Date "2024.12.29"]
[Round "5.25"]
[White "Jarzebowski, Kacper"]
[Black "Moczulski, Michal"]
[Result "1-0"]
[WhiteElo "2099"]
[BlackElo "1977"]
[PlyCount "119"]
[EventDate "2024.??.??"]

1. e4 c5 2. Nf3 e6 3. Nc3 a6 4. d4 cxd4 5. Nxd4 Nc6 6. Be3 Qc7 7. a3 Nf6 8. Qf3
Ne5 9. Qg3 h5 10. f4 h4 11. Qh3 Nc4 12. Bxc4 Qxc4 13. Qf3 d5 14. e5 Nd7 15. Rf1
g6 16. Kf2 Be7 17. Kg1 b5 18. Kh1 Bb7 19. Bg1 h3 20. g4 O-O-O 21. g5 Kb8 22.
Qe3 Qc7 23. Rf3 Bxg5 24. fxg5 Nxe5 25. Rxh3 Nc4 26. Qf3 Rxh3 27. Qxh3 e5 28. b3
exd4 29. Bxd4 Ka8 30. b4 Qf4 31. Rd1 Nb2 32. Qf1 Qxg5 33. Re1 Nc4 34. a4 Qh4
35. Qg1 Nd2 36. Rd1 Nf3 37. Qg3 Qxg3 38. hxg3 Nxd4 39. Rxd4 Rc8 40. Nd1 Rxc2
41. axb5 axb5 42. Kg1 Rc4 43. Rxc4 bxc4 44. Ne3 c3 45. Nc2 Bc6 46. Kf2 Ba4 47.
Ne1 c2 48. Nd3 Bb5 49. Nc1 Bc4 50. Ke3 f5 51. Kd2 g5 52. Kxc2 f4 53. gxf4 gxf4
54. Kd2 Kb7 55. Ke1 Kb6 56. Kf2 Kb5 57. Kf3 Kxb4 58. Kxf4 Kc3 59. Ke5 Kd2 60.
Kd4 1-0

[Event "Memoria? Zamenhofa"]
[Site "Bialystok"]
[Date "2024.12.29"]
[Round "5.26"]
[White "Stepinski, Piotr"]
[Black "Sawicki, Dorian"]
[Result "1/2-1/2"]
[WhiteElo "2184"]
[BlackElo "2036"]
[PlyCount "100"]
[EventDate "2024.??.??"]

1. e4 e6 2. d4 d5 3. Nd2 Nf6 4. e5 Nfd7 5. f4 c5 6. Ndf3 Nc6 7. c3 Qb6 8. g3
Be7 9. Kf2 cxd4 10. cxd4 g5 11. fxg5 Ndxe5 12. Nxe5 Nxe5 13. Kg2 Nc6 14. Nf3
Bf8 15. b3 Bg7 16. Bb2 h6 17. gxh6 Rxh6 18. Ne5 Ne7 19. Bd3 f6 20. Ng4 Rh8 21.
Re1 Bd7 22. Ba3 Qa5 23. Bxe7 Kxe7 24. Ne3 Kf8 25. Qe2 Qb4 26. Nc2 Qd6 27. Rf1
Kg8 28. Rae1 Rf8 29. Bb5 Bc8 30. Qd2 f5 31. Bd3 Rf6 32. Qf4 Qd8 33. Kg1 Bd7 34.
Re2 Rg6 35. Rfe1 Rg4 36. Qd6 Bf8 37. Qe5 Bc8 38. Qe3 Bd6 39. Qf3 Rg7 40. Bxf5
Qh4 41. Qg2 Bxg3 42. hxg3 Rxg3 43. Qxg3+ Qxg3+ 44. Rg2 Qxg2+ 45. Kxg2 exf5 46.
Re7 f4 47. Re8+ Kg7 48. Rxh8 Kxh8 49. Kf3 Kg7 50. Kxf4 Kf6 1/2-1/2

[Event "Memoria? Zamenhofa"]
[Site "Bialystok"]
[Date "2024.12.29"]
[Round "5.27"]
[White "Jasiulewicz, Dawid"]
[Black "Madrawski, Krzysztof"]
[Result "1-0"]
[WhiteElo "2174"]
[BlackElo "2054"]
[PlyCount "146"]
[EventDate "2024.??.??"]

1. d4 b5 2. e4 Bb7 3. Bd3 c5 4. c3 cxd4 5. cxd4 Nf6 6. Nd2 e6 7. Ngf3 a6 8. O-O
d5 9. e5 Ne4 10. Nb3 Be7 11. g3 Nc6 12. Ne1 f6 13. exf6 Nxf6 14. Nf3 O-O 15.
Ng5 e5 16. Ne6 Qb6 17. Nxf8 Rxf8 18. Be3 e4 19. Be2 Nd8 20. Rc1 Nf7 21. Nc5 Bc8
22. f3 Bh3 23. Re1 Nd6 24. Bf1 Bxf1 25. Rxf1 Nc4 26. Qe2 exf3 27. Rxf3 Bxc5 28.
dxc5 Qe6 29. Re1 Re8 30. Qc2 Ng4 31. Qf5 Qxf5 32. Rxf5 Ngxe3 33. Rxd5 Nxd5 34.
Rxe8+ Kf7 35. Ra8 Nxb2 36. Ra7+ Ne7 37. Rxa6 Nd3 38. a3 b4 39. Rd6 Nxc5 40.
axb4 Ne4 41. Rd4 Nc3 42. Kf2 Ke6 43. Rc4 Nb5 44. Ke2 Nd6 45. Rc2 Nd5 46. Rb2 h5
47. Kd3 Nb5 48. Kc4 Nbc7 49. Re2+ Kd6 50. Rd2 Ke6 51. b5 g5 52. Kc5 Nc3 53. b6
Ne4+ 54. Kc6 Na6 55. Rd4 Nf6 56. Ra4 Nb8+ 57. Kc7 Nbd7 58. b7 Ke7 59. Ra5 Ne8+
60. Kc6 Nb8+ 61. Kb6 Nd7+ 62. Ka7 h4 63. Rxg5 hxg3 64. Rxg3 Nef6 65. h4 Kf7 66.
Rg1 Kf8 67. Ka6 Kf7 68. Kb5 Ke6 69. Kc6 Ne5+ 70. Kc7 Nd5+ 71. Kc8 Ne7+ 72. Kd8
Nf5 73. Re1 Kd5 1-0

[Event "Memoria? Zamenhofa"]
[Site "Bialystok"]
[Date "2024.12.29"]
[Round "5.28"]
[White "Lecki, Leonard"]
[Black "Trybus, Daniel"]
[Result "1-0"]
[WhiteElo "2091"]
[BlackElo "2035"]
[PlyCount "83"]
[EventDate "2024.??.??"]

1. c4 Nf6 2. Nc3 c6 3. d4 d5 4. cxd5 cxd5 5. Nf3 Nc6 6. Bf4 a6 7. e3 Bg4 8. Be2
e6 9. O-O Be7 10. h3 Bh5 11. Rc1 O-O 12. Na4 Ne4 13. a3 f5 14. b4 g5 15. Bh2
Be8 16. Ne5 Nxe5 17. Bxe5 Rc8 18. Nc5 Nxc5 19. bxc5 Qa5 20. Qb3 Bc6 21. e4 Bf6
22. Bxf6 Rxf6 23. exf5 exf5 24. Bf3 Rd8 25. Rce1 Qd2 26. Rd1 Qf4 27. g3 Qc7 28.
Rfe1 Qf7 29. Re5 h5 30. Rde1 Kf8 31. Re7 Qxe7 32. Rxe7 Kxe7 33. Qe3+ Kd7 34.
Qxg5 Rdf8 35. Bxh5 Kc8 36. Qf4 Re6 37. Bf3 Rff6 38. h4 a5 39. h5 a4 40. Kg2 Kd7
41. Qg5 Ke7 42. h6 1-0

[Event "Memoria? Zamenhofa"]
[Site "Bialystok"]
[Date "2024.12.29"]
[Round "5.29"]
[White "Borowik, Wojciech"]
[Black "Haladaj, Adam"]
[Result "1-0"]
[WhiteElo "2087"]
[BlackElo "2014"]
[PlyCount "81"]
[EventDate "2024.??.??"]

1. d4 Nf6 2. c4 c5 3. d5 b5 4. cxb5 a6 5. bxa6 g6 6. Nc3 Bg7 7. e4 O-O 8. Nf3
Qa5 9. a7 Rxa7 10. Bd2 Ra8 11. Ne5 Ba6 12. Nc4 Qb4 13. Na4 Qb7 14. Nxc5 Qc7 15.
Nxa6 Nxa6 16. f3 e6 17. d6 Qc6 18. Be2 Ne8 19. Be3 f5 20. e5 Nb4 21. a3 Nd5 22.
Bd4 g5 23. O-O h5 24. b4 Nf4 25. Re1 g4 26. Bf1 h4 27. Nb6 Rb8 28. Qc1 Rxb6 29.
Qxf4 Rb8 30. fxg4 fxg4 31. Qxg4 h3 32. gxh3 Qc2 33. Bg2 Qd2 34. Rad1 Qa2 35.
Be4 Qxa3 36. Qh4 Rf7 37. Rf1 Qxb4 38. Qh7+ Kf8 39. Rxf7+ Kxf7 40. Rf1+ Nf6 41.
Rxf6+ 1-0